000 01289nam a22003617a 4500
003 CHAP
005 20220329140211.0
008 971013s1994 r 00010 d
010 _a48485
011 _a49457
035 _a53606
040 _cCHAP
090 _aTesis
100 0 0 _aMarmolejo Pasillas, Angel Cruz.
_971469
245 _aEvaluación de seis tratamientos pregerminativos en Atriplex acanthocarpa (Torr) Wats., A. canescens (Pursh) Nutt. y A. nummularia (Lindl) Black
260 _aChapingo, Méx. :
_bEl autor,
_c1994
300 _a54 h.
502 _aTesis (Ing. Agr. Esp. en Zonas Aridas) -- UACH. Departamento de Zonas Aridas
590 _aALEPH
_b10
_c20130110
_lUCH01
_h1320
590 _aBATCH-UPD
_b10
_c20130109
_lUCH01
_h2354
590 _aBATCH-UPD
_b10
_c20130110
_lUCH01
_h2102
590 _aBATCH-UPD
_b10
_c20130410
_lUCH01
_h1414
590 _aBATCH-UPD
_b10
_c20130914
_lUCH01
_h0425
590 _aCONVERSION
_b10
_c20130109
_lUCH01
_h1326
650 1 4 _aAtriplex acanthocarpa.
_98273
650 1 4 _aAtriplex canescens.
_98274
650 1 4 _aAtriplex nummularia.
_98276
650 1 4 _aGerminación.
_947755
901 _aBK
942 _cFOLL
949 _bBC
_cTES
_d-118816
_eTS1
_h30324
_i53606
_si
949 _bBC
_cTES
_d33724000008199
_eTS2
_fc.2
_h30325
_i53606
_si
999 _c48485
_d48485